000 01453nam a22002297a 4500
005 20210325191643.0
008 s2539 th tha d
041 _atha
090 _aว HF1417.5.P34 ว523ล 2539
100 0 _aวิจิตร ว่องวารีทิพย์
245 1 0 _aลู่ทางและโอกาสการส่งออกและผลกระทบจากการมีเขตการค้าเสรีอาเซียน (สำหรับอุตสาหกรรมน้ำมันปาล์ม)
260 3 _aกรุงเทพฯ :
_bสถาบันวิจัยเพื่อการพัฒนาประเทศไทย,
_c2539
300 _a149 หน้า :
_b ตาราง, แผนภูมิ ;
_c 27 ซม.
650 0 4 _aการค้าระหว่างประเทศ -- ไทย -- วิจัย
650 0 4 _aการส่งเสริมการค้ากับต่างประเทศ -- วิจัย
650 0 4 _aอุตสาหกรรมน้ำมันปาล์ม -- ไทย -- วิจัย
650 0 4 _aเขตการค้าเสรีอาเซียน -- ผลกระทบ -- วิจัย
850 _aNALT
942 _cRSH
997 _c000000000029120
_kVC
998 _aนางสาวเบญจลักษณ์ สุทธิวิไล
999 _c29120
_d29120